000 00500nmm a2200157Ia 4500
008 251105s9999||||xx |||||||||||||||||und||
020 _a9789586487795
041 _aspa
100 _aCisneros Enríquez, Andrés
245 0 _aNeuromarketing y neuroeconomía :
_b Código emocional del consumidor
264 _a[Bogotá, Colombia] :
_bEcoe Ediciones,
_c2012
300 _a130 páginas
650 _aEconomics and Business
856 _uhttps://public.digitaliapublishing.com/a/102990
942 _cCF
999 _c95384
_d95384